000 01250nam a2200217Ia 4500
003 Ost
005 20260507075442.0
008 260507s9999||||xx |||||||||||||| ||und||
040 _cfsecg
041 _aara
082 _a658.4
100 _aالسكارنة، بلال خلف
_eمؤلف
245 0 _aالتطوير التنظيمي والاداري /
_c بلال خلف السكارنة
260 _aعمان:
_bدار المسيرة,
_c2009
300 _a527 صفحة؛
_bإيضاحات ؛
_c24 سم
520 _aالتطوير التنظيمي، التغيير التنظيمي، الاصلاح الاداري، أساليب تطوير الأداء، أدارة التطوير التنظيمي، دراسة احتياجات المنظمة للتطوير التنظيمي، التشخيص، مقاومة التغيير والتطوير، الثقافة التنظيمية والتطوير التنظيمي، التطور التنظيمي التحديات المستقبلية، الأعمال الالكترونية والتطوير التنظيمي، التطوير الاداري في الدول العربية
653 _aالادارة
653 _aالتنظيم
653 _aالتنمية الادارية
942 _cكتاب
999 _c44567
_d44567